Takwim Arab

Bibliographic Details
Main Author: Rizq Haibah
Other Authors: Fariza Abdul Rahman (penterjemah)
Format: Book
Published: Cairo : Dar Al-FIkir Al-Arabi , 1993
Series:Siri pendidikan Al Quran untuk kanak-kanak
Subjects:

MARC

LEADER 00000cam a2200000 7i4500
001 0000007765
002 000008335
005 20011116.0
020 |a 9836235795 
090 0 0 |a 297.122   |b RIZ 
100 0 |a Rizq Haibah 
245 1 0 |a Takwim Arab   |c Rizq Haibah 
260 |a Cairo :   |b Dar Al-FIkir Al-Arabi ,   |c 1993 
300 |a 31p. :   |b ill. ;   |c 23cm. 
490 0 |a Siri pendidikan Al Quran untuk kanak-kanak 
650 0 0 |a Islamic stories, Malay 
700 1 |a Fariza Abdul Rahman ,   |e penterjemah 
999 |a 039972   |b BUKU   |c PINJAMAN   |e PERPUSTAKAAN KOMUNITI PETALING JAYA 
999 |a 039973   |b BUKU   |c PINJAMAN   |e PERPUSTAKAAN KOMUNITI PETALING JAYA 
999 |a 054962   |b BUKU   |c PINJAMAN   |e PERPUSTAKAAN KOMUNITI CAW KOTA DAMANSARA